| 000 | 00512nam a2200205Ia 4500 | ||
|---|---|---|---|
| 003 | 0100 | ||
| 008 | 130303s9999 xx 000 0 und d | ||
| 040 | _cARRUPELIB | ||
| 050 | _aLB7.N27 1965 | ||
| 100 | _aNash, Paul | ||
| 245 | 4 | _aThe educated man | |
| 245 | _bstudies in the history of educational thought | ||
| 260 | _aNew York | ||
| 260 | _bJohn Wiley & Sons | ||
| 260 | _C1965 | ||
| 300 | _a421p. | ||
| 300 | _b 23 cm | ||
| 700 | _aKazamias, Andreas M. ; Perkinson, Henry J. | ||
| 942 |
_2lcc _01 |
||
| 999 |
_c62000 _d62000 |
||